000 00470nam a2200181Ia 4500
001 8262
005 20260306160556.0
008 260306t2010||||xx |||||||||||||| ||spa||
041 _aESP
082 _a370.1523
_bA89
100 _aÁvalos, Mariano
_eAUT
245 0 _a¿Cómo trabajar con TIC en el aula?:
_buna guía para la acción pedagógica
260 _c2010
300 _a106 páginas :
_c22 cm.
650 _aGEN
654 _aCED
942 _cLIB
_dJUS
_fJUS
_2ddc
_n
999 _c8262
_d8262